LIBRARY ONLINE CATALOGUE

Serious fraud : (Record no. 4016)

MARC details
000 -LEADER
fixed length control field 00798nam a22002412 4500
001 - CONTROL NUMBER
control field 0000019768
005 - DATE AND TIME OF LATEST TRANSACTION
control field 20151217145920.0
008 - FIXED-LENGTH DATA ELEMENTS--GENERAL INFORMATION
fixed length control field 110207s xx 000 0 eng d
020 ## - INTERNATIONAL STANDARD BOOK NUMBER
International Standard Book Number 8180386077 :
040 ## - CATALOGING SOURCE
Original cataloging agency KABU
Transcribing agency KABU
100 1# - MAIN ENTRY--PERSONAL NAME
Personal name Napley, Kingsley.
-- 0000179709
245 10 - TITLE STATEMENT
Title Serious fraud :
Remainder of title investigation & trial /
Statement of responsibility, etc. Kingsley Napley.
250 ## - EDITION STATEMENT
Edition statement 4th ed.
260 ## - PUBLICATION, DISTRIBUTION, ETC. (IMPRINT)
Place of publication, distribution, etc. Haryan, India :
Name of publisher, distributor, etc. LexisNexis,
Date of publication, distribution, etc. 2009.
300 ## - PHYSICAL DESCRIPTION
Extent lxvi, 846 p.
650 #0 - SUBJECT ADDED ENTRY--TOPICAL TERM
Topical term or geographic name as entry element Fraud
Geographic subdivision Great Britain.
-- 0000179710
650 #0 - SUBJECT ADDED ENTRY--TOPICAL TERM
Topical term or geographic name as entry element Fraud investigation.
-- 0000179711
852 1# - LOCATION
-- p17680 KES
852 1# - LOCATION
-- p17680 KES
852 1# - LOCATION
-- p17680 KES
908 ## - PUT COMMAND PARAMETER (RLIN)
Put command parameter 110207
950 ## - LOCAL HOLDINGS (RLIN)
-- 1
Holdings
Withdrawn status Lost status Source of classification or shelving scheme Not for loan Home library Current library Date acquired Total Checkouts Full call number Barcode Date last seen Price effective from Koha item type
    Library of Congress Classification   Kabarak, Main Campus Kabarak, Main Campus 17/12/2015   KD8000 .N37 2009 c. 1 22386 17/12/2015 17/12/2015 General Collection
    Library of Congress Classification   Kabarak, Main Campus Kabarak, Main Campus 17/12/2015   KD8000 .N37 2009 c. 2 22388 17/12/2015 17/12/2015 General Collection
    Library of Congress Classification   Kabarak, Main Campus Kabarak, Main Campus 17/12/2015   KD8000 .N37 2009 c. 3 22387 17/12/2015 17/12/2015 General Collection